01688nam a22002537a 450000500170000000800410001702000180005804000090007604100080008508200200009310000220011310000190013524500590015426000490021330000270026236500600028952009490034965000400129865000140133865000180135265000190137070000240138970000210141320220627164629.0220627b ||||| |||| 00| 0 eng d a9789389691382 cAloy aeng 223a512.8bBAUS aBenjamin Baumslag dBruce Chandler aSchaums outline of theory and problems of group theory aNew YorkbMcGraw Hill Education India c2020 avi,279p.bPBc28x21cm. 2Mathematicsa1930b599.00c₹d749.00e20%f24-06-2022 aConfusing textbooks? Missed lectures? Not enough time? Fortunately for you, there's schaum's outlines. More than 40 million students have trusted schaum's to help them succeed in the classroom and on exams. Schaum's is the key to faster learning and higher grades in every subject. Each outline presents all the essential course information in an easy-to-follow, topic-by-topic format. You also get hundreds of examples, solved problems, and practice exercises to test your skills. This schaum's outline gives you: 1. Practice problems with full explanations that reinforce knowledge 2. Coverage of the most up-to-date developments in your course field 3. In-depth review of practices and applications This schaum's outline gives you: fully compatible with your classroom text, schaum's highlights all the important facts you need to know. Use schaum's to shorten your study time-and get your best test scores! Schaum's outlines-problem solved. aSets Mappings and Binary Operations aGroupoids aFinite Groups aAbelian Groups aBAUMSLAG (Benjamin) aCHANDLER (Bruce)